Megatrend revija medunarodni časopis za primenjenu ekonomiju

Enregistré dans:
Détails bibliographiques
Format: Publication en série
Langue:serbe
Publié: Beograd Megatrend univerzitet 2010
Tags: Ajouter un tag
Pas de tags, Soyez le premier à ajouter un tag!

MARC

LEADER 00000nas2a2200000 4500
001 0181946
005 20250711114700.5
022 |a 1820-3159 
041 0 |a srp 
044 |a RS 
245 1 0 |a Megatrend revija  |b medunarodni časopis za primenjenu ekonomiju 
264 1 |a Beograd  |b Megatrend univerzitet  |c 2010